Faktory a očakávania ovplyvňujúce rozhodovanie v otázke bývania Generáciou Y bakalárska práca

Salvato in:
Dettagli Bibliografici
Autore principale: Kántor, Tomáš
Ente Autore: Obchodná fakulta EU. Katedra marketingu
Altri autori: Vávra, Michal, 1996-
Natura: Libro
Lingua:slovacco
Pubblicazione: Bratislava 2022
Tags: Aggiungi Tag
Nessun Tag, puoi essere il primo ad aggiungerne!!

MARC

LEADER 00000nbm a2200000 4500
001 0285766
005 20221128132325.8
041 0 |a slo 
044 |a SK 
245 1 0 |a Faktory a očakávania ovplyvňujúce rozhodovanie v otázke bývania Generáciou Y  |b bakalárska práca  |c Tomáš Kántor ; školiteľ: Michal Vávra 
264 1 |a Bratislava  |c 2022 
300 |a 71 s. 
100 1 |a Kántor, Tomáš 
700 1 |a Vávra, Michal, 1996- 
710 2 |a Obchodná fakulta EU. Katedra marketingu